• 首页
  • 本馆介绍
  • 公告通知
  • 最新文献
  • 馆藏检索
  • 电子资源
  • 读者导购
  • 参考咨询
  • 我的图书馆
  • 登录
  • 详细信息显示
  • 放入我的书架
  • 预约/预借图书
  • 作者相关作品
  • 分类相关作品
  • 丛书相关作品
  • 出版社相关作品

书目信息

  • 表格格式
  • 工作单格式
  • 卡片格式
题名:
森林生态学方法论
    
 
作者: 王兵 , 牛香 , 陶玉柱 著
分册:  
出版信息: 北京   中国林业出版社  2018
页数: 259页
开本: 29cm
丛书名: “中国森林生态系统连续观测与清查及绿色核算”系列丛书
单 册:
中图分类: S718.5-03
科图分类:
主题词: 森林生态学--sen lin sheng tai xue--方法论
电子资源:
ISBN: 978-7-5038-9896-9
000 01350nam 2200313 450
001 012001001298
005 20140107183842.0
010    @a978-7-5038-9896-9@dCNY138.00
099    @aCAL 012019048543
100    @a20190404d2018 em y0chiy50 ea
101 0  @achi
102    @aCN@b110000
105    @aak a 000yy
106    @ar
200 1  @a森林生态学方法论@Asen lin sheng tai xue fang fa lun@d= Mothodology of forest ecology@f王兵, 牛香, 陶玉柱等著@zeng
210    @a北京@c中国林业出版社@d2018
215    @a259页@c图@d29cm
225 2  @a“中国森林生态系统连续观测与清查及绿色核算”系列丛书@A“ zhong guo sen lin sheng tai xi tong lian xu guan ce yu qing cha ji lv se he suan ”xi lie cong shu
320    @a有书目
330    @a本书对森林生态学研究的研究方法进行了分析和研究, 对方法论作了探索, 并通过大量的研究实践作为支撑, 具有较高的学术价值。内容包括: 森林生态学野外调查抽样方法论 ; 森林生态系统碳汇研究方法论 ; 森林生态要素野外仪器观测方法等。
410  0 @12001 @a“中国森林生态系统连续观测与清查及绿色核算”系列丛书
510 1  @aMothodology of forest ecology@zeng
606 0  @a森林生态学@Asen lin sheng tai xue@x方法论
690    @aS718.5-03@v5
701  0 @a王兵@Awang bing@4著
701  0 @a牛香@Aniu xiang@4著
701  0 @a陶玉柱@Atao yu zhu@4著
801  0 @aCN@b北京卓展@c20191020
905    @b1201740-5@dS718.5-03@e124@f6
    
    森林生态学方法论= Mothodology of forest ecology/王兵, 牛香, 陶玉柱等著.-北京:中国林业出版社,2018
    259页:图;29cm.-(“中国森林生态系统连续观测与清查及绿色核算”系列丛书)
    
    
    ISBN 978-7-5038-9896-9:CNY138.00
    本书对森林生态学研究的研究方法进行了分析和研究, 对方法论作了探索, 并通过大量的研究实践作为支撑, 具有较高的学术价值。内容包括: 森林生态学野外调查抽样方法论 ; 森林生态系统碳汇研究方法论 ; 森林生态要素野外仪器观测方法等。
●
相关链接 在E读中查询图书 在五车中查询图书 在当当中查询图书 在豆瓣中查询图书


正题名:森林生态学方法论     索取号:S718.5-03/124         预约/预借

序号 登录号 条形码 馆藏地/架位号 状态 备注
1 1201740   212017404   第二样本阅览室/ [索取号:S718.5-03/124] 在馆    
2 1201741   212017413   第三借阅区/ [索取号:S718.5-03/124] 在馆    
3 1201742   212017422   第三借阅区/ [索取号:S718.5-03/124] 在馆    
4 1201743   212017431   第三借阅区/ [索取号:S718.5-03/124] 在馆    
5 1201744   212017440   第三借阅区/ [索取号:S718.5-03/124] 在馆    
6 1201745   212017459   第三借阅区/ [索取号:S718.5-03/124] 在馆    
唐山师范学院图书馆 欢迎您!
大连网信软件有限公司© 版权所有